An ape of gods : The art and thought of lafcadio hearn
Сохранить в:
| Главный автор: | |
|---|---|
| Формат: | |
| Язык: | Undetermined |
| Опубликовано: |
Machigan
Wayne State University Press
1964
|
| Метки: |
Добавить метку
Нет меток, Требуется 1-ая метка записи!
|
| Thư viện lưu trữ: | Trung tâm Học liệu Trường Đại học Cần Thơ |
|---|
| LEADER | 00489nam a2200181Ia 4500 | ||
|---|---|---|---|
| 001 | CTU_111872 | ||
| 008 | 210402s9999 xx 000 0 und d | ||
| 082 | |a 952 | ||
| 082 | |b Y94 | ||
| 100 | |a Beongcheon, Yu | ||
| 245 | 3 | |a An ape of gods : | |
| 245 | 4 | |b The art and thought of lafcadio hearn | |
| 245 | 0 | |c Beongcheon Yu | |
| 260 | |a Machigan | ||
| 260 | |b Wayne State University Press | ||
| 260 | |c 1964 | ||
| 904 | |i Hiếu | ||
| 980 | |a Trung tâm Học liệu Trường Đại học Cần Thơ | ||